| 000 | 01193nam a2200241Ia 4500 | ||
|---|---|---|---|
| 001 | 8477 | ||
| 003 | GE_BSU | ||
| 008 | 181216s||||||||xx |||||||||||||| ||und|| | ||
| 040 | _cGE_BSU | ||
| 080 | _a821.222.1–32+821.353.1-31 | ||
| 245 | _aვისრამიანი: (რომანი) | ||
| 245 | _bძველი ქართული მხატვრული მწერლობა. | ||
| 245 | _cალ. ბარამიძის, პ. ინგოროყვას და კ. კეკელიძის რედაქციით და შესავალი წერილით; ლექსიკონი ი. აბულაძისა; | ||
| 250 | _aრუსთაველის სახელობის ლიტერატურის სამეცნიერო კვლევითი ინსტიტუტი–მეორე გამოც. | ||
| 260 | _aთბილისი. | ||
| 260 | _bსახელგამი. | ||
| 260 | _c1938 | ||
| 300 | _a420 გვ; 22 სმ. | ||
| 300 | _b4 ჩართ. ფურც. სურ. | ||
| 653 | _aვისრამიანი | ||
| 653 | _aრომანი | ||
| 942 | _cBK | ||
| 999 |
_c41795 _d41795 |
||